|
|
|
|
| LEADER |
01808nam a2200409 a 4500 |
| 001 |
EBC1607588 |
| 003 |
MiAaPQ |
| 005 |
20200520144314.0 |
| 006 |
m o d | |
| 007 |
cr cn||||||||| |
| 008 |
090810s2007 dcua s 000 0 eng d |
| 035 |
|
|
|a (MiAaPQ)EBC1607588
|
| 035 |
|
|
|a (Au-PeEL)EBL1607588
|
| 035 |
|
|
|a (CaPaEBR)ebr10302922
|
| 035 |
|
|
|a (CaONFJC)MIL377524
|
| 035 |
|
|
|a (OCoLC)815750829
|
| 040 |
|
|
|a MiAaPQ
|c MiAaPQ
|d MiAaPQ
|
| 043 |
|
|
|a a-ye---
|
| 050 |
|
4 |
|a HG1214
|b .R47 2007
|
| 245 |
0 |
0 |
|a Republic of Yemen
|h [electronic resource] :
|b 2007 Article IV consultation : staff report, staff supplements, public information notice on the Executive Board discussion, and statement by the Executive Director for the Republic of Yemen.
|
| 260 |
|
|
|a Washington, D.C. :
|b International Monetary Fund,
|c 2007.
|
| 300 |
|
|
|a 25, 10, 10, 2, 4, 5 p. :
|b ill.
|
| 490 |
1 |
|
|a IMF country report ;
|v 07/334
|
| 500 |
|
|
|a Cover title.
|
| 500 |
|
|
|a "Under Article IV of the IMF's Articles of Agreement, the IMF holds bilateral discussions with members, usually every year"--Cover.
|
| 500 |
|
|
|a "September 2007"--Cover.
|
| 533 |
|
|
|a Electronic reproduction. Ann Arbor, MI : ProQuest, 2015. Available via World Wide Web. Access may be limited to ProQuest affiliated libraries.
|
| 610 |
2 |
0 |
|a International Monetary Fund
|z Yemen (Republic)
|
| 650 |
|
0 |
|a Monetary policy
|z Yemen (Republic)
|
| 650 |
|
0 |
|a Fiscal policy
|z Yemen (Republic)
|
| 651 |
|
0 |
|a Yemen (Republic)
|x Economic conditions.
|
| 651 |
|
0 |
|a Yemen (Republic)
|x Economic policy.
|
| 655 |
|
4 |
|a Electronic books.
|
| 710 |
2 |
|
|a International Monetary Fund.
|
| 710 |
2 |
|
|a ProQuest (Firm)
|
| 830 |
|
0 |
|a IMF country report ;
|v no. 07/334.
|
| 856 |
4 |
0 |
|u https://ebookcentral.proquest.com/lib/matrademy/detail.action?docID=1607588
|z Click to View
|